| 000 | 00563nam a2200217 454500 | ||
|---|---|---|---|
| 001 | 059290 | ||
| 003 | BD-ChCU | ||
| 008 | Eng | ||
| 020 | _a0815771940 | ||
| 040 |
_aDLC _cDLC _dBD-ChCU |
||
| 082 | 0 | 0 | _a363.32/P952w |
| 100 | 1 |
_aPrimakov, Yevgeny M _bx |
|
| 245 | 1 | 0 |
_aA world challenged : _bfighting terrorism in the twenty first century |
| 250 | _ax | ||
| 260 |
_aWashington, D.C _bBrookings Institution press _c2004 |
||
| 300 | _aviii, 150 | ||
| 504 | _aIncludes | ||
| 650 | 0 |
_aTerrorism-Provention _bTerrorism |
|
| 700 | 1 | _ax | |
| 942 |
_2ddc _cBK |
||
| 999 |
_c59290 _d59290 |
||